000 00786nam a2200301Ia 4500
008 170711s9999 xx 000 0 und d
020 _a9780525950132
050 _a618.92
050 _bM478 2009
100 _aMcCarthy, Jenny
245 _aHealing and preventing autism :
245 _ba complete guide /
245 _cby Jenny McCarthy and Jerry Kartzinel.
260 _aNew York :
260 _bPlume Book,
260 _c2009
300 _a402 pages :
300 _billustrations ;
300 _c20cm.
500 _aIncludes index.
650 _aAutism in children --
650 _aAutism in children.
650 _aAutistic disorder --
650 _xPopular works.
650 _xPrevention & control.
700 _aKartzinel, Jerry.
700 _aTitle.
999 _c339954
_d339954